Statistics for All Separatist Battle Droids

Click here to take the quiz!

General Stats

  • This quiz has been taken 15 times
  • The average score is 6 of 22

Answer Stats

HintAnswer% Correct
Improver Version Of AboveB2 Super Battle Droid
100%
Main Battle DroidB1 Battle Droid
90%
Destroyer DroidDroideka
80%
Rocket Version
Of Above
B2-RP Super Battle Droid
Rocket Trooper
60%
Mud-cracker DroidLM-432 Crab Droid
40%
Agile Battle DroidsBX-Series Commando Droid
30%
Burrowing DroidDSD1 Dwarf Spider Droid
30%
Bi-Wheeled Missile
launchers
IG-227 Hailfire-Class Droid Tank
30%
Droid InterceptorDroid Tri-Fighter
20%
Grievous's BodyguardsIG-100 MagnaGuard
20%
Four Legged Pod TankOG-9 Homing Spider Droid
20%
Droid BomberHyena-Class Bomber
10%
Buzz DroidPistoeka Sabotage Droid
10%
Super inteligent DroidSuper Tactical Droid
10%
Underwater Battle DroidAQ-Series Battle Droid
0%
Droid Troop CarrierHMP Heavy Missile platform
Droid Gunship
0%
Snail TankNR-N99 Persuader Tank Droid
0%
Three Legged Droid TankOctuptarra Combat Tri-Droid
0%
Predecessor To the
Imperial Probe Droid
Ringneck Recon Droid
0%
These Droids Attacked
The Cornet
SD-K4 Assassin Droid
0%
Predecessor to aboveT-series Tactical Droid
0%
Vulture DroidVariable Geometry Self-Propelled
Battle Droid Mark 1
0%

Score Distribution

Percentile by Number Answered

Percent of People with Each Score

Your Score History

You have not taken this quiz